000
00287nam a2200121Ia 4500
008
210428s9999 xx 000 0 und d
082
_a
620.11 T582 E
100
_a
R L Timings
245
0
_a
Engineering Materials Vol 1
260
_b
Longman
_a
UK
_c
1998
300
_a
385p.
942
_c
BK
999
_c
559878
_d
559878